| 000 | 01389 a2200229 4500 | ||
|---|---|---|---|
| 001 | 63317 | ||
| 005 | 20260407155930.0 | ||
| 008 | 260407a1969 arg spa d | ||
| 003 | AR-UNSa-BCEJYS | ||
| 040 |
_aAR-UNSa-BCEJYS _bspa _cAR-UNSa-BCEJYS |
||
| 080 |
_a510 _xConsideraciones fundamentales y generales de las matemáticas |
||
| 245 | 1 | 0 | _aMatemática moderna |
| 264 | 1 |
_aMadrid : _bParaninfo _c1969 |
|
| 300 |
_a357 p. _c22 cm. |
||
| 505 | _aPrimera Parte: Elementos de matemáticas modernas – Segunda Parte: Elementos de algebra – Tercera Parte: Los números – Cuarta Parte: Algebra lineal – Quinta Parte: Algebra multilineal – Sexta Parte: Polinomios – Séptima Parte: Reducción de una aplicación lineal – Octava Parte: Reducción de una aplicación lineal – Novena Parte: Familia sumables. Series – Décima Parte: Diferenciales – Undécima Parte: Integrales – Duodécima Parte: Grafos – Decimotercera Parte: Programas lineales – Decimocuarta Parte: Programas dinámicos – Decimoquinta Parte: Juegos de estrategia – Decimosexta Parte: Procesos estocásticos – Decimoséptima Parte: Análisis por un método de simulación – Decimoctava Parte: Tablas y ábacos – | ||
| 041 | _aspa | ||
| 942 | _cBK | ||
| 590 | _aniveau_biblio:m niveau_hierar:0 | ||
| 100 | 1 | _aFaure, R. | |
| 700 | 1 | _aKaufmann, Albert | |
| 700 | 1 | _aDenis-Papin, Maurice | |
| 999 |
_c8116 _d8116 |
||